1285 1039 1969 1810 1783 1596 1183 1893 1481 1978 1785 1193 1500 1153 1603 1939 1221 1018 1082 1204 1585 1934 1755 1800 1287 1042 1541 1150 1582 1173 1301 1073 1089 1713 1919 1036 1717 1272 1796 1707 1850 1155 1987 1431 1610 1753 1717 1433 1918 1978 1062 1340 1984 1251 1685 1863 1708 1925 1323 1262 1960 1844 1841 1482 1422 1594 1475 1264 1547 1238 1474 1766 1118 1877 1045 1375 1153 1681 1495 1753 1624 1402 1280 1557 1182 1058 1896 1839 1514 1455 1854 1564 1048 1001 1409 1460 1099 1131 1528 BCNSPRNW ULIB Ver.6.0+V

เปลี่ยนเป็นภาษาไทย

Change to English
 แสดงรายละเอียดบรรณานุกรม
  กลับหน้าหลัก

Brief Record : Get Marc (ISO 2709) : E-mail record : QR code < ปิดหน้าต่าง
LEADER : 00000nam 2200000uu 4500
001    13399109728
003     ULIB
008    110410s2543||||th 000 0 tha d
020    9746634445 (bpk.)
060 04 WC100^bพ721ร 2543
100 0  พิพัฒน์ ลักษมีจรัลกุล
245 10 โรคติดเชื้อที่เกี่ยวข้องกับการทำงาน =^bWork-relatedinfectious diseases /^cพิพัฒน์ ลักษมีจรัลกุล
246 31 Work-related infectious diseases
260    กรุงเทพฯ :^bเจริญดีการพิมพ์,^c2543
300    v, 230 หน้า :^bภาพประกอบ ;^c26 ซม.
650  7 โรคติดเชื้อ
650  7 การทำงาน
650  7 โรคเกิดจากอาชีพ
945    ^p200^l0^i013936
945    ^p200^l0^i013935
945    ^p200^l0^i013934
995    ทศพร
999 ^a ใช้งานได้ทุกระบบ
รายการนี้ยังไม่มีแท็ก
คุณยังไม่ได้ล็อกอิน คุณสามารถมีกิจกรรมร่วมกับเว็บไซต์ได้ แต่ต้องล็อกอินก่อน ::
  ล็อกอิน

รายการสื่อสารสนเทศ

ลำดับที่ ประเภท เลขเรียก/บาร์โค้ด สถานที่ สถานะ
- ไม่พบข้อมูล -

รายการใกล้เคียง
    ผู้แต่ง [พิพัฒน์ ลักษมีจรัลกุล]

    หัวเรื่อง [โรคติดเชื้อ]
    หัวเรื่อง [การทำงาน]
    หัวเรื่อง [โรคเกิดจากอาชีพ]

BibComment


ยังไม่เคยถูกคอมเมนท์

คอมเมนท์ทรัพยากรรายการนี้
  คอมเมนท์: โรคติดเชื้อที่เกี..


 Copyright 2026. Bcnsprnw @Library